| Tag |
First Indicator |
Second Indicator |
Subfields |
| LEADER |
00000nam a2200000 i 4500 |
| 001 |
in00004590713 |
| 006 |
m o d f |
| 007 |
cr ||||||||||| |
| 008 |
220719e197312 cau obt f000 0 eng d |
| 005 |
20220812190744.0 |
| 035 |
|
|
|a (OCoLC)on1336605795
|
| 040 |
|
|
|a GPO
|b eng
|e rda
|e pn
|c GPO
|d MvI
|
| 049 |
|
|
|a WWW
|
| 074 |
|
|
|a 0830-D (online)
|
| 086 |
0 |
|
|a NAS 1.15:X-62322
|
| 100 |
1 |
|
|a Berkstresser, Betty K.,
|e author.
|
| 245 |
1 |
0 |
|a Trends in transport aircraft avionics /
|c Betty K. Berkstresser.
|
| 264 |
|
1 |
|a Moffett Field, Ca. :
|b Ames Research Center,
|c December 1973.
|
| 300 |
|
|
|a 1 online resource (iv, 78 pages).
|
| 336 |
|
|
|a text
|b txt
|2 rdacontent
|
| 337 |
|
|
|a computer
|b c
|2 rdamedia
|
| 338 |
|
|
|a online resource
|b cr
|2 rdacarrier
|
| 490 |
1 |
|
|a NASA/TM ;
|v X-62322
|
| 500 |
|
|
|a "December 1973"--Cover.
|
| 500 |
|
|
|a GPO Cataloging Record Distribution Program (CRDP).
|
| 504 |
|
|
|a Includes bibliographical references (pages 76-78).
|
| 513 |
|
|
|a Technical memorandum.
|
| 588 |
|
|
|a Description based on online resource, PDF version; title from cover (NASA, viewed on July 19, 2022).
|
| 650 |
|
7 |
|a Avionics.
|2 nasat
|
| 650 |
|
7 |
|a Transport aircraft.
|2 nasat
|
| 710 |
2 |
|
|a Ames Research Center,
|e issuing body.
|
| 830 |
|
0 |
|a NASA technical memorandum ;
|v X-62322.
|
| 856 |
4 |
0 |
|u https://purl.fdlp.gov/GPO/gpo184648
|t 0
|
| 999 |
f |
f |
|s f6607366-86b4-4faf-b2ab-fa535282883b
|i f6607366-86b4-4faf-b2ab-fa535282883b
|t 0
|
| 952 |
f |
f |
|a Texas A&M University
|b College Station
|c Electronic Resources
|d Available Online
|t 0
|e NAS 1.15:X-62322
|h Superintendent of Documents classification
|
| 998 |
f |
f |
|a NAS 1.15:X-62322
|t 0
|l Available Online
|